| 000 | 00000nam 2200000za 4500 |
| 001 | 9.690838 |
| 003 | CaOODSP |
| 005 | 20210624232514 |
| 007 | cr ||||||||||| |
| 008 | 150407s2009 onc|||||o f|0| 0 eng d |
| 020 | |a978-0-662-48240-6 |
| 040 | |aCaOODSP|beng |
| 043 | |an-cn--- |
| 086 | 1 |aA118-10/2-2009E-PDF |
| 110 | 1 |aCanada.|bAgriculture and Agri-Food Canada. |bPest Management Centre. |
| 245 | 10|aCrop profile for lentil in Canada |h[electronic resource] / |cprepared by : Pesticide Risk Reduction Program. |
| 260 | |aOttawa : |bAgriculture and Agri-Food Canada, |cMarch 2008. |
| 300 | |a43 p. : |bcoloured map, references, tables. |
| 590 | |a09-29|b2009-07-17 |
| 690 | 07|aCrops|2gcpds |
| 775 | 08|tProfil de la culture de la lentille au Canada |w(CaOODSP)9.635183 |
| 794 | |tCrop profile for lentil in Canada, 2015 |w(CaOODSP)9.838297 |
| 795 | |tCrop profile for lentil in Canada |w(CaOODSP)9.692069 |
| 856 | 40|ahttp://publications.gc.ca|qPDF|s1624 KB|uhttps://publications.gc.ca/collections/collection_2009/agr/A118-10-2-2009E.pdf |
| 986 | |aAAFC No. 10871E |